Market commentary (Record no. 110897)

MARC details
000 -LEADER
fixed length control field 00906cad a22001935a 4500
001 - CONTROL NUMBER
control field L150274
008 - FIXED-LENGTH DATA ELEMENTS--GENERAL INFORMATION
fixed length control field 100722e20100618xxk f s 000 0 eng d
035 ## - SYSTEM CONTROL NUMBER
System control number (Sirsi) u150515
041 0# - LANGUAGE CODE
Language code of text/sound track or separate title eng
110 2# - MAIN ENTRY--CORPORATE NAME
Corporate name or jurisdiction name as entry element Council of Mortgage Lenders
9 (RLIN) 5903
245 00 - TITLE STATEMENT
Title Market commentary
Medium [electronic resource]
490 ## - SERIES STATEMENT
Series statement CML Market Commentary
Volume/sequential designation July 2010
520 ## - SUMMARY, ETC.
Summary, etc. House prices are stabilising and more property is coming onto the market following the abolition of home information packs. This may improve liquidity in the market, but transaction levels are subdued and likely to remain so while access to credit remains constrained.
590 ## - LOCAL NOTE (RLIN)
Local note KA NTK
651 #4 - SUBJECT ADDED ENTRY--GEOGRAPHIC NAME
Geographic name England and Wales
Chronological subdivision 1543-
690 ## - LOCAL SUBJECT ADDED ENTRY--TOPICAL TERM (OCLC, RLIN)
Topical term or geographic name as entry element PROPERTY-RESIDENTIAL PROPERTY-RESIDENTIAL PROPERTY MARKET
856 40 - ELECTRONIC LOCATION AND ACCESS
Uniform Resource Identifier <a href="https://www.cml.org.uk/cml/publications/marketcommentary">https://www.cml.org.uk/cml/publications/marketcommentary</a>
Public note View the commentary free of charge at www.cml.org.uk
942 ## - ADDED ENTRY ELEMENTS (KOHA)
Suppress in OPAC 0
Holdings
Withdrawn status Lost status Source of classification or shelving scheme Damaged status Not for loan Home library Current library Shelving location Date acquired Total Checkouts Full call number Barcode Date last seen Copy number Price effective from Koha item type
    Dewey Decimal Classification     Virtual Virtual Books 21/07/2010   ONLINE PUBLICATION 150515-2001 06/08/2019 1 06/08/2019 Book